LEADER 00782nam0-22003011i-450- 001 990003278770403321 005 20001010 035 $a000327877 035 $aFED01000327877 035 $a(Aleph)000327877FED01 035 $a000327877 100 $a20000920d19282km-y0itay50------ba 101 0 $aita 105 $ay-------001yy 200 1 $a<>ETATS-UNIS 210 $aParis$cLibrairie Armand Colin$d1928 2 copie 215 $app. 362 610 0 $aStati Uniti d'America 676 $a207.000 700 1$aSiegfried,$bAndré$f<1875-1959>$0375837 801 0$aIT$bUNINA$gRICA$2UNIMARC 901 $aBK 912 $a990003278770403321 952 $a207.000.SIE$b5640/5993/bis$fDECGE 959 $aDECGE 996 $aETATS-UNIS$9451221 997 $aUNINA DB $aING01 LEADER 01177nam 2200397 450 001 9910583352403321 010 $a0-12-814481-5 010 $a0-12-814480-7 035 $a(CKB)4100000003486433 035 $a(MiAaPQ)EBC5380006 035 $a(PPN)23336644X 035 $a(EXLCZ)994100000003486433 100 $a20180523d2018 uy 0 101 0 $aeng 135 $aurcnu|||||||| 181 $ctxt$2rdacontent 182 $cc$2rdamedia 183 $acr$2rdacarrier 200 00$aChemical resistance of thermosets /$fedited by Erwin Baur, Katja Ruhrberg, William Woishnis 210 1$aOxford, United Kingdom :$cWilliam Andrew Applied Science Publishers, an imprint of Elsevier,$d[2018] 210 4$d©2018 215 $a1 online resource (1,118 pages) 300 $aIncludes index. 606 $aThermoplastics 615 0$aThermoplastics. 676 $a668.423 702 $aBaur$b Erwin 702 $aRuhrberg$b Katja 702 $aWoishnis$b William$f1958- 801 0$bMiAaPQ 801 1$bMiAaPQ 801 2$bMiAaPQ 906 $aBOOK 912 $a9910583352403321 996 $aChemical resistance of thermosets$92120369 997 $aUNINA